Conn's current therapy 2014. / (Record no. 6841)

MARC details
000 -LEADER
fixed length control field 01326nam a22001697a 4500
008 - FIXED-LENGTH DATA ELEMENTS--GENERAL INFORMATION
fixed length control field 190801b xxu||||| |||| 00| 0 eng d
020 ## - INTERNATIONAL STANDARD BOOK NUMBER
International Standard Book Number 9781455702961
050 ## - LIBRARY OF CONGRESS CALL NUMBER
Classification number RM101.C66
100 ## - MAIN ENTRY--PERSONAL NAME
Personal name Bope, Edward T.
245 ## - TITLE STATEMENT
Title Conn's current therapy 2014. /
Statement of responsibility, etc. Edward T. Bope and Rick D Kellerman.
260 ## - PUBLICATION, DISTRIBUTION, ETC.
Place of publication, distribution, etc. New York :
Name of publisher, distributor, etc. Elsevier Saunders,
Date of publication, distribution, etc. 2014.
300 ## - PHYSICAL DESCRIPTION
Extent xxxiii, 1308 p. :
Other physical details ill. ;
Dimensions 28 cm.
500 ## - GENERAL NOTE
General note Includes appendices and index .
505 ## - FORMATTED CONTENTS NOTE
Formatted contents note Contents: Section 1: Symptomatic care pending diagnosis -- Section 2: Diseases of allergy -- Section 3: The infectious diseases -- Section 4: Diseases of the skin -- Section 5: Diseases of the head and neck -- Section 6: The respiratory system -- Section 7: The cardiovascular system -- Section 8: The digestive system -- Section 9: Rheumatology and musculoskeletal system -- Section 10: The nervous system -- Section 11: Endocrine and metabolic disorders -- Section 12: Hematology -- Section 13: The Urogenital tract -- Section 14: The sexually transmitted diseases -- Section 15: Psychiatric disorder -- Section 16: Men's Health -- Section 17: Women's health -- Section 18: Pregnancy and antepartum care -- Section 19: Children's health -- Section 20: Preventive health -- Section 21: Physical and chemical injuries.
700 ## - ADDED ENTRY--PERSONAL NAME
Personal name Kellerman, Rick D.
942 ## - ADDED ENTRY ELEMENTS (KOHA)
Source of classification or shelving scheme Library of Congress Classification
Koha item type Books
Holdings
Withdrawn status Lost status Source of classification or shelving scheme Damaged status Not for loan Home library Current library Shelving location Date acquired Total Checkouts Full call number Barcode Date last seen Copy number Price effective from Koha item type
    Library of Congress Classification     WISCONSIN INTERNATIONAL UNIVERSITY COLLEGE, GHANA - MAIN LIBRARY WISCONSIN INTERNATIONAL UNIVERSITY COLLEGE, GHANA - MAIN LIBRARY nursing 01/08/2019   RM101.C66 NURS/620/282/19 01/08/2019 1 01/08/2019 Books

If you have any concerns or questions; kindly contact the library


© Powered by WIUC ICT DIRECTORATE